000 03786nab a2200325 i 4500
003 BR-BrBNA
005 20250704110722.0
008 250704b2020 bl.tr|pooa||| 00| 0 por |
040 _aBR-BrBNA
_bpor
072 _aF01
_b3347
100 _aSouza, Alexandra Goede de
100 _aBroggiatto, Fernanda Gonçalves
100 _aAzeredo Neto, David Pires de
100 _aBosco, Leosane Cristina
100 _aJung, Eduardo Affonso
245 _aEfeito do sistema de cultivo na produção de gladíolos no Alto Vale do Itajaí, SC
500 _a Publicação online; 15 ref.; 2 tables; 3 illus.; Summaries (En, Pt)
520 _a Resumo – O objetivo deste trabalho foi avaliar o efeito do sistema de cultivo no desenvolvimento das plantas e na qualidade das hastes florais de gladíolos. O delineamento experimental utilizado foi inteiramente casualizado com dois cultivares: White Goddess e Red Beauty; duas datas de colheita: Dias das Mães (DM) e Dia dos namorados (DN); e dois sistemas de cultivo: con-vencional e mínimo. Nas plantas foram avaliados: número de folhas, massa seca total, número de floretes, dias para emergên-cia, ponto de colheita, comprimento e diâmetro da haste. Para Red Beauty cultivado para o DM, o cultivo mínimo proporcionou maior número de folhas, comprimento e diâmetro da haste; e para o DN, aumento da massa seca, do número de floretes e dias para emergência. Para White Goddess houve efeito do sistema de cultivo somente no DM, quando as plantas apresentaram, no cultivo mínimo, maior diâmetro e comprimento da haste e menor da massa seca. Para Red Beauty, 83,4% e 25% das hastes foram classificadas como extra no cultivo mínimo e convencional, respectivamente, enquanto o White Goddess apresentou 100% das hastes como extra em ambos os sistemas de cultivo. Termos para indexação: Gladiolus x grandiflorus Hort.; Cultivo mínimo; Qualidade da haste
520 _a Abstract – The aim of this work was to evaluate the effect of the cultivation system on plant development and the quality of flo-ral stems of gladiolus. The experimental design was completely randomized with two cultivars: White Goddess and Red Beauty; two harvest dates: Mother’s Day (MD) and Valentine’s Day (VD); and two cultivation systems: conventional and minimum. In the plants were evaluated the number of leaves, total dry mass, number of flowers in the stem, days for the emergence and harvested, stem length and diameter. For cultivar Red Beauty cultivated for MD, the minimum cultivation provided a greater number of leaves, high stem length and diameter; while for VD, the minimum cultivation provided more dry mass, number of flowers in stem and days for emergence. For White Goddess was detected effect of the cultivation system only on MD cultiva-tion. The plants presented high stem length and diameter in the minimum cultivation system, but presented lower dry mass. For Red Beauty, 83.4% and 25% of the stems were classified as extra in minimum and conventional cultivation, respectively, while White Goddess presented 100% of the stems as extra in both cultivation systems. Index terms: Gladiolus x grandiflorus Hort.; Minimum cultivation; Stem quality
650 _aGLADÍOLO
650 _aPLANTA ORNAMENTAL
650 _aSISTEMA DE CULTIVO
650 _aCULTIVO MÍNIMO
650 _aQUALIDADE
650 _aMORFOLOGIA VEGETAL
773 0 _01813
_9317201
_dFlorianópolis-SC Empresa de Pesquisa Agropecuária e Extensão Rural de Santa Catarina 1988-
_o2024-3825
_tAgropecuária Catarinense (Brazil)
_x0103-0779
_gv. 33(2) p. 59-64; (2020)
_wBR2025003888
856 _uhttps://publicacoes.epagri.sc.gov.br/rac/article/view/550/940
942 _cANA
999 _c332405
_d332405